000 005150000a22002050004500
005 20120302061937.0
942 _cBOOK
100 _a Wadhwani,Manohar R.
100 _a Dsouza,A.L.
245 _a Modern India(1819 A.D.to 1964 A.D.)
260 _aMumbai:Sheth Pub.,1988.
300 _a8,480p.
040 _aENG
650 _aHistory
650 _aModern India
650 _aRevolution
650 _aSocio-Religious Movement
650 _aIndian National Movement
650 _aConstitutional Development
999 _c355330
_d355327